Drag Path - Twenty Øne Piløts - All Lyrics - Statistics

General Stats
  • This quiz has been taken 61 times
  • The average score is 210 of 260
Answer Stats
Answer % Correct
A
100%
I
100%
the
100%
drag
97%
evidence
97%
You
97%
you
97%
you,
97%
you?
97%
as
94%
As
94%
Can
94%
can
94%
(Can
94%
etched
94%
in
94%
me
94%
me?
94%
me?)
94%
ooh)
94%
path
94%
path,
94%
surface
94%
devil's
91%
eyes
91%
find
88%
my
88%
see
88%
there
88%
When
88%
He
85%
left
85%
on
85%
found
82%
purpose
82%
sad
82%
to
82%
gravel
79%
into
79%
laying
79%
for
76%
and
73%
dug
73%
heels
73%
look
73%
unravel
73%
down
70%
sack,
70%
spine
70%
at
67%
At
67%
I'll
67%
then
67%
Then
67%
away
64%
you're
64%
also
61%
smile
61%
travels
61%
wide
61%
'Cause
58%
I'm
58%
know
58%
through
58%
(Yeah)
58%
current
55%
is
55%
it
55%
ad
52%
hurry
52%
least,
52%
Please,
52%
please
52%
rise
52%
sun
52%
We
52%
begins
48%
But
48%
darkest
48%
fire
48%
made
48%
pretty
48%
proof
48%
story
48%
sure
48%
told
48%
Would
48%
(Would
48%
night
45%
or
45%
still
45%
hand
42%
his
42%
once
42%
three
42%
twice
42%
drowning
39%
Maybe
39%
tried
39%
He's
36%
I've
36%
nauseam
36%
again
33%
lost
30%
Seems
30%
though
30%
adversere
24%
No matching quizzes found
Score Distribution
Percent of People with Each Score
Percentile by Number Answered
Your Score History
You have not taken this quiz